Políticas educacionales del gobierno de chile

Uloženo v:
Podrobná bibliografie
Médium: Kniha
Jazyk:španělština
Vydáno: Santiago Ministerio de Educación 1975
Témata:
Tagy: Přidat tag
Žádné tagy, Buďte první, kdo vytvoří štítek k tomuto záznamu!

MARC

LEADER 00000nam a2200000 a 4500
001 UCY6643
003 CL-VaPUC
008 950529e19750000CL |||||||||||||||||spa|d
082 0 4 |a 379.983  |b POL  |2 21 
245 1 0 |a Políticas educacionales del gobierno de chile 
300 |a 24 p 
942 |c BK 
945 |d 19950529 00:00:00  |a rbrito 
260 |a Santiago  |b Ministerio de Educación  |c 1975 
650 0 |a Política educacional  |9 308011 
651 7 |a CHILE  |2 CL-VaPUC  |9 336682 
583 |a last modification  |c 19950529 00:00:00  |k Rodrigo Vera 
999 |c 234197  |d 234195 
952 |0 0  |1 0  |4 0  |6 379_983000000000000_POL_1975  |7 0  |8 P  |9 240248  |a BIBEDU  |b BIBEDU  |c BIBEDU_PB  |d 2019-11-18  |i 200254K  |o 379.983 POL 1975  |p 200254K  |r 2024-01-25  |w 2019-11-18  |y BK  |k EDU 
952 |0 0  |1 0  |4 0  |6 379_983000000000000_POL_1975  |7 0  |8 P  |9 240249  |a BIBEDU  |b BIBEDU  |c BIBEDU_PB  |d 2019-11-18  |i 1606190  |o 379.983 POL 1975  |p 1606190  |r 2024-01-25  |w 2019-11-18  |y BK  |k EDU 
952 |0 0  |1 0  |4 0  |6 379_983000000000000_POL_1975  |7 0  |8 P  |9 240250  |a BIBEDU  |b BIBEDU  |c BIBEDU_PB  |d 2019-11-18  |i 1606026  |o 379.983 POL 1975  |p 1606026  |r 2024-01-25  |w 2019-11-18  |y BK  |k EDU 
952 |0 0  |1 0  |4 0  |6 379_983000000000000_POL_1975  |7 0  |8 P  |9 240251  |a BIBEDU  |b BIBEDU  |c BIBEDU_PB  |d 2019-11-18  |i 160600K  |o 379.983 POL 1975  |p 160600K  |r 2024-01-25  |w 2019-11-18  |y BK  |k EDU 
952 |0 0  |1 0  |4 0  |6 379_983000000000000_POL_1975  |7 0  |8 P  |9 240252  |a BIBEDU  |b BIBEDU  |d 2019-11-18  |i 1606050  |o 379.983 POL 1975  |p 1606050  |r 2024-01-25  |w 2019-11-18  |y BK  |k EDU